000 00300nam a22001337a 4500
008 190304b xxu||||| |||| 00| 0 eng d
020 _a9780131756656
041 _aeng
080 _22nd
_a610.73
100 _a2
101 _aINF
245 _aPharmacology for Nurses
_cAdams,M.P
942 _2udc
_cBK
999 _c54406
_d54406